[Event "Remembrance Day op"]
[Site "Toronto CAN"]
[Date "1999.11.13"]
[Round "3"]
[White "Vucko, Ignac"]
[Black "Cohen, David"]
[Result "1/2-1/2"]
[WhiteElo "2041"]
[BlackElo "2025"]
[PlyCount "62"]
[GameId "2160767911741876"]
[EventDate "1999.11.12"]
[EventType "swiss"]
[EventRounds "5"]
[EventCountry "CAN"]

1. e4 e5 2. Nf3 Nc6 3. c3 Nf6 4. d3 d5 5. exd5 Nxd5 6. Be2 Be7 7. O-O O-O 8. b4 Bf6 9. b5 Nce7 10. Bg5 Ng6 11. Bd2 Bf5 12. Ne1 Re8 13. g3 Qd7 14. a4 Rad8 15. Na3 e4 16. d4 e3 17. fxe3 Nxe3 18. Bxe3 Rxe3 19. Nb1 Rde8 20. Bf3 Bh3 21. Ng2 Bxg2 22. Kxg2 c6 23. bxc6 bxc6 24. Ra2 c5 25. dxc5 Rd3 26. Qb3 Rxf3 27. Rxf3 Nh4+ 28. gxh4 Qg4+ 29. Rg3 Qe4+ 30. Rf3 Qg4+ 31. Rg3 Qe4+ 1/2-1/2

[Event "Remembrance Day op"]
[Site "Toronto CAN"]
[Date "1999.11.14"]
[Round "4"]
[White "Cohen, David"]
[Black "Michalowski, Lukasz"]
[Result "1-0"]
[WhiteElo "2025"]
[BlackElo "1888"]
[PlyCount "143"]
[GameId "2160767911741877"]
[EventDate "1999.11.12"]
[EventType "swiss"]
[EventRounds "5"]
[EventCountry "CAN"]

1. e4 Nf6 2. Nc3 d5 3. Bd3 e5 4. exd5 Nxd5 5. Nxd5 Qxd5 6. Qf3 Qd6 7. b3 Nc6 8. Bb2 h5 9. Qe3 Nd4 10. O-O-O Be6 11. Re1 O-O-O 12. Qxe5 Qxe5 13. Rxe5 Nc6 14. Rg5 f6 15. Rg3 Bc5 16. Rxg7 Nb4 17. Nf3 Nxd3+ 18. cxd3 Rxd3 19. Bxf6 Rf8 20. Be5 Ba3+ 21. Kd1 Bg4 22. Rxc7+ Kd8 23. Re1 Rfxf3 24. gxf3 Rxf3 25. Rg7 Rxf2+ 26. Rxg4 hxg4 27. Re2 Rf1+ 28. Kc2 Rc1+ 29. Kd3 Rc6 30. Re4 Rg6 31. Rc4 b5 32. Rc2 a6 33. Ke4 Be7 34. d4 Bh4 35. Rg2 Kd7 36. Kf5 Rg5+ 37. Kf4 Rg8 38. Rxg4 Rf8+ 39. Ke4 Be7 40. Rg2 Kc6 41. Rc2+ Kb6 42. Kd5 Bb4 43. h4 Rf5 44. Rh2 Rh5 45. Ke4 Be1 46. Bf6 Kc6 47. Kf4 Kd5 48. Kg4 Rh7 49. h5 Bb4 50. Kf5 Bf8 51. Kg6 Rh6+ 52. Kf7 Bd6 53. Rh3 a5 54. Bg7 Rh7 55. Kg6 Rxg7+ 56. Kxg7 Kxd4 57. h6 Be5+ 58. Kg8 Ke4 59. h7 Kd4 60. h8=Q Bxh8 61. Kxh8 Kc5 62. Kg7 Kb4 63. Kf6 Ka3 64. Rh2 Kb4 65. Ke6 Ka3 66. Kd6 Kb4 67. Kc6 Ka3 68. Kxb5 a4 69. Kc6 axb3 70. axb3 Kb4 71. Rh4+ Ka5 72. Ra4# 1-0

[Event "Remembrance Day op"]
[Site "Toronto CAN"]
[Date "1999.11.14"]
[Round "4"]
[White "Hacatoglu, Kevork"]
[Black "Bluvshtein, Mark"]
[Result "1-0"]
[WhiteElo "2189"]
[BlackElo "2263"]
[PlyCount "97"]
[GameId "2160767911741878"]
[EventDate "1999.11.12"]
[EventType "swiss"]
[EventRounds "5"]
[EventCountry "CAN"]

1. e4 e6 2. d4 d5 3. exd5 exd5 4. Nf3 Bd6 5. c4 Qe7+ 6. Be2 dxc4 7. O-O Nf6 8. Bxc4 O-O 9. Nc3 Bg4 10. Bg5 c6 11. Re1 Qd8 12. Bxf6 Qxf6 13. Ne4 Qd8 14. Nxd6 Qxd6 15. Bxf7+ Rxf7 16. Re8+ Rf8 17. Qb3+ Kh8 18. Ne5 Bh5 19. Rxf8+ Qxf8 20. Qxb7 Na6 21. Qxa6 c5 22. d5 Rd8 23. Qc4 Qd6 24. Qh4 Be8 25. Rd1 Kg8 26. Nc4 Qd7 27. h3 Qc8 28. b3 Bf7 29. Ne3 Rd7 30. Nf5 Qf8 31. Nh6+ Kh8 32. Nxf7+ Qxf7 33. Qg5 Rd6 34. Qe3 Rxd5 35. Rxd5 Qxd5 36. Qe8+ Qg8 37. Qxg8+ Kxg8 38. Kf1 Kf7 39. Ke2 Ke6 40. Kd3 Kd5 41. a4 h5 42. h4 g6 43. a5 a6 44. Kc3 Kc6 45. Kc4 Kd6 46. f3 Kc6 47. g4 Kd6 48. gxh5 gxh5 49. f4 1-0

[Event "Remembrance Day op"]
[Site "Toronto CAN"]
[Date "1999.11.14"]
[Round "4"]
[White "Livshits, Ron"]
[Black "Murray, Robert"]
[Result "1/2-1/2"]
[WhiteElo "2525"]
[BlackElo "2250"]
[PlyCount "59"]
[GameId "2160767911741879"]
[EventDate "1999.11.12"]
[EventType "swiss"]
[EventRounds "5"]
[EventCountry "CAN"]

1. d4 Nf6 2. c4 e6 3. Nf3 b6 4. Nc3 Bb4 5. Bg5 Bb7 6. e3 O-O 7. Bd3 h6 8. Bh4 g5 9. Bg3 Ne4 10. Qc2 f5 11. O-O-O Bxc3 12. bxc3 d6 13. d5 Nc5 14. h4 g4 15. Nd4 e5 16. Nxf5 Nxd3+ 17. Qxd3 Qf6 18. e4 Bc8 19. Ne3 h5 20. Rdf1 Na6 21. f4 Nc5 22. Qc2 Qh6 23. Kb2 exf4 24. Nf5 Bxf5 25. Bxf4 Qh7 26. exf5 Qxf5 27. Bh6 Qxc2+ 28. Kxc2 Rf7 29. Rxf7 Kxf7 30. Re1 1/2-1/2

[Event "Remembrance Day op"]
[Site "Toronto CAN"]
[Date "1999.11.14"]
[Round "4"]
[White "Rolfe, Warrick"]
[Black "Dougherty, Michael"]
[Result "0-1"]
[WhiteElo "2069"]
[BlackElo "2353"]
[PlyCount "68"]
[GameId "2160767911741880"]
[EventDate "1999.11.12"]
[EventType "swiss"]
[EventRounds "5"]
[EventCountry "CAN"]

1. e4 c5 2. Nf3 Nc6 3. g3 g6 4. Bg2 Bg7 5. O-O d6 6. d3 e5 7. Nbd2 Nge7 8. a4 O-O 9. c3 h6 10. Ne1 Be6 11. f4 exf4 12. gxf4 f5 13. Ndf3 Qd7 14. Be3 Rae8 15. Qd2 b6 16. Nh4 Kh7 17. Nc2 Na5 18. Ra3 fxe4 19. Bxe4 d5 20. b4 dxe4 21. bxa5 exd3 22. Ne1 Nf5 23. Nhg2 c4 24. axb6 axb6 25. Ra2 Bd5 26. Kf2 Nxe3 27. Nxe3 Rxf4+ 28. Kg1 Rxf1+ 29. Kxf1 Bxc3 30. Qxc3 Rxe3 31. a5 Qf5+ 32. Rf2 Qh3+ 33. Ng2 Bxg2+ 34. Kg1 Bd5 0-1

[Event "Remembrance Day op"]
[Site "Toronto CAN"]
[Date "1999.11.14"]
[Round "5"]
[White "Dougherty, Michael"]
[Black "Hacatoglu, Kevork"]
[Result "1-0"]
[WhiteElo "2353"]
[BlackElo "2189"]
[PlyCount "59"]
[GameId "2160767911741881"]
[EventDate "1999.11.12"]
[EventType "swiss"]
[EventRounds "5"]
[EventCountry "CAN"]

1. d4 f5 2. Nf3 Nf6 3. Bg5 e6 4. Nbd2 d5 5. Ne5 Bd6 6. e3 Nbd7 7. f4 O-O 8. Bd3 Qe8 9. Qf3 Qh5 10. O-O-O Qxf3 11. gxf3 c5 12. c3 c4 13. Bc2 b5 14. Rhg1 Bxe5 15. fxe5 Ne8 16. e4 Nb6 17. exf5 exf5 18. f4 Be6 19. Nf3 g6 20. Bh6 Ng7 21. Ng5 Rae8 22. Rg3 Re7 23. Rdg1 Nd7 24. Bxg7 Kxg7 25. h4 Bf7 26. h5 Be8 27. hxg6 h6 28. Nh7 Rh8 29. Bxf5 Nf8 30. Nf6 1-0

[Event "Remembrance Day op"]
[Site "Toronto CAN"]
[Date "1999.11.14"]
[Round "5"]
[White "Kret, Ted"]
[Black "Livshits, Ron"]
[Result "0-1"]
[WhiteElo "2216"]
[BlackElo "2525"]
[PlyCount "70"]
[GameId "2160767911741882"]
[EventDate "1999.11.12"]
[EventType "swiss"]
[EventRounds "5"]
[EventCountry "CAN"]

1. d4 Nf6 2. c4 e6 3. Nc3 Bb4 4. Qc2 c5 5. dxc5 Na6 6. g3 Nxc5 7. Bg2 O-O 8. Nh3 d5 9. a3 Bxc3+ 10. Qxc3 Nfe4 11. Qc2 Bd7 12. b4 Ba4 13. Qb2 Nb3 14. Rb1 Rc8 15. c5 b6 16. Bxe4 dxe4 17. cxb6 Nd4 18. b7 Rc2 19. b8=Q Rxb2 20. Qxd8 Rxe2+ 21. Kf1 Rxd8 22. Be3 Ra2 23. Kg2 h6 24. Rhc1 a6 25. Rc3 Nf5 26. Rbc1 Nxe3+ 27. Rxe3 f5 28. Rc7 Rd3 29. Rc3 Bb5 30. g4 g5 31. gxf5 exf5 32. Rc8+ Kf7 33. Re1 e3 34. Rec1 exf2 35. R1c7+ Ke6 0-1

[Event "Remembrance Day op"]
[Site "Toronto CAN"]
[Date "1999.11.14"]
[Round "5"]
[White "Solodar, Yevgeni"]
[Black "Cohen, David"]
[Result "1-0"]
[WhiteElo "2069"]
[BlackElo "2025"]
[PlyCount "73"]
[GameId "2160767911741883"]
[EventDate "1999.11.12"]
[EventType "swiss"]
[EventRounds "5"]
[EventCountry "CAN"]

1. Nf3 d5 2. d4 Nf6 3. b3 Bf5 4. Bb2 e6 5. e3 Be7 6. Bd3 Bg6 7. Nbd2 Nbd7 8. O-O c6 9. Ne5 Nxe5 10. dxe5 Nd7 11. f4 Bxd3 12. cxd3 Qb6 13. Qe2 O-O-O 14. Bd4 Qa6 15. a4 f6 16. Rfb1 fxe5 17. fxe5 Bb4 18. Nf3 Qa5 19. Ng5 Rde8 20. Qg4 h5 21. Qh3 Rh6 22. Nf7 Rh7 23. Ng5 Rh6 24. Rf1 Kb8 25. Nf7 Rh7 26. Ng5 Rh6 27. Rf7 Bc3 28. Raf1 Nxe5 29. Qg3 Bxd4 30. exd4 Rg6 31. Qxe5+ Kc8 32. Rxg7 Rxg7 33. Qxg7 Qd2 34. Qe5 h4 35. Nxe6 Re7 36. Rf8+ Re8 37. Qc7# 1-0

[Event "Remembrance Day op"]
[Site "Winnipeg CAN"]
[Date "1999.11.12"]
[Round "1"]
[White "Kaptsan, Aron"]
[Black "Gannon, Keith"]
[Result "1-0"]
[WhiteElo "2088"]
[BlackElo "1651"]
[PlyCount "135"]
[GameId "2160767911741884"]
[EventDate "1999.11.12"]
[EventType "swiss"]
[EventRounds "5"]
[EventCountry "CAN"]
[SourceTitle "EXT 2002"]
[Source "ChessBase"]
[SourceDate "2001.11.25"]
[SourceVersion "1"]
[SourceVersionDate "2001.11.25"]
[SourceQuality "1"]

1. d4 d5 2. c4 e6 3. Nc3 Nf6 4. e3 Be7 5. Nf3 O-O 6. Bd3 c6 7. O-O Nbd7 8. e4 dxe4 9. Nxe4 Nxe4 10. Bxe4 Nf6 11. Bd3 a6 12. b3 b5 13. Bb2 Bb7 14. Qe2 b4 15. Rad1 Qc7 16. Rfe1 Rfe8 17. Ne5 Bd6 18. h3 Rad8 19. Ng4 Nxg4 20. Qxg4 f5 21. Qe2 a5 22. c5 Bf8 23. Bc4 Bc8 24. Qf3 g6 25. Bc1 Bg7 26. Bf4 Qf7 27. Be5 Bxe5 28. dxe5 Rxd1 29. Rxd1 Qc7 30. Rd6 Bd7 31. Qd3 Bc8 32. Ba6 Kf7 33. Bxc8 Qxc8 34. Qf3 Qa6 35. Rxc6 Qa8 36. Rc7+ Kg8 37. Qc6 Qxc6 38. Rxc6 g5 39. Ra6 h5 40. Rxa5 Rd8 41. c6 Rd1+ 42. Kh2 Rc1 43. Ra6 Rc2 44. Rb6 g4 45. hxg4 hxg4 46. Kg3 Kf7 47. Rxb4 Rxc6 48. Rb5 Kg6 49. f4 gxf3 50. gxf3 Kg5 51. a4 f4+ 52. Kf2 Rc2+ 53. Ke1 Kf5 54. a5 Ra2 55. b4 Ra3 56. Ke2 Re3+ 57. Kd2 Rxf3 58. a6 Ra3 59. Ra5 Rh3 60. a7 Rh2+ 61. Kc3 Rh8 62. a8=Q Rxa8 63. Rxa8 Kxe5 64. Kd3 Kd5 65. Rd8+ Kc6 66. Ke4 Kb5 67. Rb8+ Kc6 68. Kxf4 1-0

[Event "Remembrance Day op"]
[Site "Winnipeg CAN"]
[Date "1999.11.12"]
[Round "1"]
[White "Moffat, Ron"]
[Black "Rasmussen, Barry"]
[Result "0-1"]
[WhiteElo "1695"]
[BlackElo "2226"]
[PlyCount "54"]
[GameId "2160767911741885"]
[EventDate "1999.11.12"]
[EventType "swiss"]
[EventRounds "5"]
[EventCountry "CAN"]
[SourceTitle "EXT 2002"]
[Source "ChessBase"]
[SourceDate "2001.11.25"]
[SourceVersion "1"]
[SourceVersionDate "2001.11.25"]
[SourceQuality "1"]

1. d4 d5 2. c4 c6 3. Nf3 Nf6 4. Nc3 dxc4 5. a4 Bf5 6. Ne5 e6 7. Bg5 Bb4 8. Nxc4 O-O 9. f3 h6 10. Bh4 c5 11. dxc5 Qxd1+ 12. Rxd1 Bc2 13. Rd2 Bb3 14. e4 Na6 15. Bf2 Rfd8 16. Nd6 Nxc5 17. Bxc5 Bxc5 18. Nxb7 Rxd2 19. Kxd2 Bb4 20. a5 a6 21. Be2 Ra7 22. e5 Nd7 23. Nd6 Nxe5 24. Nde4 f5 25. f4 Ng6 26. Ng3 Rd7+ 27. Ke3 Bc5+ 0-1

[Event "Remembrance Day op"]
[Site "Winnipeg CAN"]
[Date "1999.11.12"]
[Round "1"]
[White "Sekhar, Ganesan"]
[Black "Trueman, Francis"]
[Result "1-0"]
[WhiteElo "1946"]
[BlackElo "1516"]
[PlyCount "77"]
[GameId "2160767911741886"]
[EventDate "1999.11.12"]
[EventType "swiss"]
[EventRounds "5"]
[EventCountry "CAN"]
[SourceTitle "EXT 2002"]
[Source "ChessBase"]
[SourceDate "2001.11.25"]
[SourceVersion "1"]
[SourceVersionDate "2001.11.25"]
[SourceQuality "1"]

1. d4 Nf6 2. c4 e6 3. Nf3 c5 4. Nc3 Bd6 5. Bg5 Na6 6. e3 Nc7 7. Be2 b6 8. e4 cxd4 9. Nxd4 e5 10. Nf5 Bf8 11. Qa4 Ne6 12. Bxf6 gxf6 13. Rd1 Nc5 14. Qc2 Ne6 15. O-O Bc5 16. Nd6+ Kf8 17. Qd2 Nd4 18. Qh6+ Ke7 19. Nxc8+ Rxc8 20. Nd5+ Kd6 21. Nxf6 Kc7 22. Bg4 Bf8 23. Qg5 Bd6 24. Bxd7 Rg8 25. Qxg8 Qxg8 26. Nxg8 Rxg8 27. Ba4 Rg4 28. f3 Rg6 29. Rd2 Bc5 30. Kh1 h5 31. a3 Ne6 32. Rd7+ Kb8 33. Rfd1 Rg8 34. Rxf7 Nf4 35. g3 Ne6 36. Rdd7 h4 37. Rb7+ Ka8 38. Rxa7+ Kb8 39. Rfb7+ 1-0

[Event "Remembrance Day op"]
[Site "Winnipeg CAN"]
[Date "1999.11.13"]
[Round "2"]
[White "Gustafson, Dale"]
[Black "Repa, Jason"]
[Result "1-0"]
[WhiteElo "1975"]
[BlackElo "1929"]
[PlyCount "59"]
[GameId "2160767911741887"]
[EventDate "1999.11.12"]
[EventType "swiss"]
[EventRounds "5"]
[EventCountry "CAN"]
[SourceTitle "EXT 2002"]
[Source "ChessBase"]
[SourceDate "2001.11.25"]
[SourceVersion "1"]
[SourceVersionDate "2001.11.25"]
[SourceQuality "1"]

1. e4 e6 2. d4 d5 3. exd5 exd5 4. Bd3 Bd6 5. Nf3 Ne7 6. O-O Nbc6 7. Re1 Bg4 8. c3 Qd7 9. Nbd2 O-O-O 10. b4 Ng6 11. Nf1 Nh4 12. Be2 g5 13. Bxg5 Nxf3+ 14. Bxf3 Bxf3 15. Qxf3 Rdf8 16. Kh1 Ne7 17. Ne3 c6 18. Bxe7 Bxe7 19. b5 Kb8 20. bxc6 bxc6 21. Rab1+ Ka8 22. c4 dxc4 23. d5 Rc8 24. Nxc4 Bc5 25. Red1 Qc7 26. d6 Qd8 27. Ne5 Qe8 28. d7 Qxe5 29. dxc8=Q+ Rxc8 30. Qxc6+ 1-0

[Event "Remembrance Day op"]
[Site "Winnipeg CAN"]
[Date "1999.11.13"]
[Round "2"]
[White "Lukic, Luka"]
[Black "Kaptsan, Aron"]
[Result "1/2-1/2"]
[WhiteElo "1933"]
[BlackElo "2088"]
[PlyCount "89"]
[GameId "2160767911741888"]
[EventDate "1999.11.12"]
[EventType "swiss"]
[EventRounds "5"]
[EventCountry "CAN"]
[SourceTitle "EXT 2002"]
[Source "ChessBase"]
[SourceDate "2001.11.25"]
[SourceVersion "1"]
[SourceVersionDate "2001.11.25"]
[SourceQuality "1"]

1. d4 Nf6 2. c4 e6 3. Nc3 Bb4 4. e3 b6 5. Nge2 Bb7 6. a3 Be7 7. Ng3 d5 8. cxd5 exd5 9. Bd3 O-O 10. O-O Re8 11. b4 Bf8 12. Bb2 Nbd7 13. Rc1 c5 14. bxc5 bxc5 15. Nce2 c4 16. Bc2 Qa5 17. a4 Bc6 18. Bc3 Bb4 19. Qd2 Rab8 20. Rb1 Bxc3 21. Qxc3 Qxc3 22. Nxc3 a5 23. Rxb8 Rxb8 24. Rb1 Rb4 25. Nge2 Nb6 26. Ra1 Kf8 27. f3 Rb2 28. Bd1 Nbd7 29. Kf1 Nb8 30. Rb1 Rxb1 31. Nxb1 Na6 32. Nbc3 Nb4 33. Nc1 Ke7 34. Ke2 Nd7 35. e4 Nb6 36. Ke3 Ke6 37. g4 g5 38. e5 f6 39. exf6 Kxf6 40. f4 h6 41. f5 Bd7 42. Kd2 h5 43. h3 hxg4 44. hxg4 Be8 45. Ke3 1/2-1/2

[Event "Remembrance Day op"]
[Site "Winnipeg CAN"]
[Date "1999.11.13"]
[Round "2"]
[White "Rasmussen, Barry"]
[Black "Sekhar, Ganesan"]
[Result "1-0"]
[WhiteElo "2226"]
[BlackElo "1946"]
[PlyCount "71"]
[GameId "2160767911741889"]
[EventDate "1999.11.12"]
[EventType "swiss"]
[EventRounds "5"]
[EventCountry "CAN"]
[SourceTitle "EXT 2002"]
[Source "ChessBase"]
[SourceDate "2001.11.25"]
[SourceVersion "1"]
[SourceVersionDate "2001.11.25"]
[SourceQuality "1"]

1. e4 e5 2. Nf3 Nf6 3. d4 Nxe4 4. Bd3 d5 5. Nxe5 Be7 6. c4 O-O 7. O-O Nc6 8. cxd5 Qxd5 9. Re1 Bf5 10. Nxc6 bxc6 11. Qc2 Bf6 12. Bxe4 Bxe4 13. Qxe4 Bxd4 14. Nc3 Qxe4 15. Rxe4 Rfe8 16. Rxe8+ Rxe8 17. Bd2 f6 18. Re1 Rb8 19. Na4 Kf7 20. b3 Rb5 21. Be3 Re5 22. Kf1 Bb6 23. Bxb6 Rxe1+ 24. Kxe1 cxb6 25. Kd2 Ke6 26. Kd3 Ke5 27. b4 h5 28. Nb2 h4 29. Nc4+ Kf4 30. a4 h3 31. gxh3 Kf3 32. Nxb6 Kxf2 33. Nc8 Kg2 34. Nxa7 Kxh3 35. Nxc6 Kxh2 36. a5 1-0

[Event "Remembrance Day op"]
[Site "Winnipeg CAN"]
[Date "1999.11.01"]
[Round "3"]
[White "Gustafson, Dale"]
[Black "Rasmussen, Barry"]
[Result "0-1"]
[WhiteElo "2036"]
[BlackElo "2240"]
[PlyCount "72"]
[GameId "2160767911741890"]
[EventDate "1999.11.12"]
[EventType "swiss"]
[EventRounds "5"]
[EventCountry "CAN"]
[SourceTitle "EXT 2002"]
[Source "ChessBase"]
[SourceDate "2001.11.25"]
[SourceVersion "1"]
[SourceVersionDate "2001.11.25"]
[SourceQuality "1"]

1. e4 c5 2. Nc3 Nc6 3. f4 g6 4. Nf3 Bg7 5. Bc4 d6 6. O-O e6 7. d3 Nge7 8. Qe1 O-O 9. Qh4 d5 10. Bb3 Nd4 11. f5 gxf5 12. exd5 Nxb3 13. axb3 Nxd5 14. Nxd5 Qxd5 15. Bh6 Bxh6 16. Qxh6 f6 17. Ra4 Bd7 18. Rh4 Rf7 19. Rh3 Kh8 20. Rg3 Rg8 21. Rxg8+ Kxg8 22. Qf4 e5 23. Qc4 Qxc4 24. bxc4 Rg7 25. Ne1 Kf7 26. Kf2 Bc6 27. g3 Ke6 28. Ke3 h5 29. Rf2 Rg4 30. c3 h4 31. gxh4 Rxh4 32. b4 b6 33. Nc2 a5 34. bxa5 bxa5 35. Na3 Rg4 36. Kd2 Rg2 0-1

[Event "Remembrance Day op"]
[Site "Winnipeg CAN"]
[Date "1999.11.01"]
[Round "3"]
[White "Kaptsan, Aron"]
[Black "Cleto, Sam"]
[Result "0-1"]
[WhiteElo "2088"]
[BlackElo "1916"]
[PlyCount "55"]
[GameId "2160767911741891"]
[EventDate "1999.11.12"]
[EventType "swiss"]
[EventRounds "5"]
[EventCountry "CAN"]
[SourceTitle "EXT 2002"]
[Source "ChessBase"]
[SourceDate "2001.11.25"]
[SourceVersion "1"]
[SourceVersionDate "2001.11.25"]
[SourceQuality "1"]

1. d4 Nf6 2. c4 g6 3. Nc3 Bg7 4. e4 d6 5. Nf3 O-O 6. Be2 e5 7. d5 c6 8. O-O Bg4 9. Nd2 Bxe2 10. Qxe2 Nh5 11. g3 f5 12. exf5 Rxf5 13. Nde4 Qf8 14. Qd1 Nf6 15. dxc6 Nxe4 16. cxb7 Nxc3 17. bxc3 Nc6 18. bxa8=Q Qxa8 19. Qxd6 e4 20. Be3 Bxc3 21. Rab1 Kg7 22. Rfc1 Be5 23. Qd7+ Rf7 24. Qd5 Re7 25. Bc5 Re8 26. Qd7+ Kf6 27. Rb7 Rh8 28. Qxc6+ 0-1

[Event "Remembrance Day op"]
[Site "Winnipeg CAN"]
[Date "1999.11.07"]
[Round "4"]
[White "Lukic, Luka"]
[Black "Gustafson, Dale"]
[Result "1/2-1/2"]
[WhiteElo "1933"]
[BlackElo "1975"]
[PlyCount "114"]
[GameId "2160767911741892"]
[EventDate "1999.11.12"]
[EventType "swiss"]
[EventRounds "5"]
[EventCountry "CAN"]
[SourceTitle "EXT 2002"]
[Source "ChessBase"]
[SourceDate "2001.11.25"]
[SourceVersion "1"]
[SourceVersionDate "2001.11.25"]
[SourceQuality "1"]

1. d4 Nf6 2. c4 c5 3. e3 g6 4. Nf3 Bg7 5. Nc3 cxd4 6. exd4 O-O 7. Be2 d5 8. c5 b6 9. cxb6 Qxb6 10. O-O Ba6 11. Re1 e6 12. Na4 Qc7 13. Nc5 Bxe2 14. Rxe2 Nbd7 15. Nd3 Rfc8 16. Bf4 Qb6 17. Nde5 Nxe5 18. Bxe5 Rc6 19. Rc1 Rac8 20. Rec2 Nd7 21. Bxg7 Kxg7 22. Rxc6 Rxc6 23. Rxc6 Qxc6 24. h3 Qc4 25. b3 Qc3 26. Qd2 Qxd2 27. Nxd2 Kf6 28. Kf1 h5 29. Ke2 Ke7 30. Ke3 f6 31. Nf3 Kd6 32. Ne1 Kc6 33. Kd3 Kb5 34. Kc3 a5 35. a3 g5 36. Nd3 e5 37. Ne1 e4 38. Nc2 Kc6 39. g4 h4 40. Ne3 Nf8 41. b4 axb4+ 42. axb4 Ne6 43. b5+ Kxb5 44. Nxd5 Nf4 45. Nxf6 Ne2+ 46. Kd2 Nxd4 47. Nxe4 Ne6 48. Ke3 Kc6 49. f3 Kd5 50. Nf6+ Ke5 51. Nh5 Nf8 52. f4+ gxf4+ 53. Nxf4 Kf6 54. Nd5+ Kg5 55. Nc3 Ne6 56. Ne4+ Kg6 57. Nd2 Ng5 1/2-1/2

[Event "Remembrance Day op"]
[Site "Winnipeg CAN"]
[Date "1999.11.07"]
[Round "4"]
[White "Repa, Jason"]
[Black "Lafreniere, Adrian"]
[Result "1/2-1/2"]
[WhiteElo "1929"]
[BlackElo "1732"]
[PlyCount "110"]
[GameId "2160767911741893"]
[EventDate "1999.11.12"]
[EventType "swiss"]
[EventRounds "5"]
[EventCountry "CAN"]
[SourceTitle "EXT 2002"]
[Source "ChessBase"]
[SourceDate "2001.11.25"]
[SourceVersion "1"]
[SourceVersionDate "2001.11.25"]
[SourceQuality "1"]

1. e4 g6 2. d4 Bg7 3. f4 d6 4. Nf3 Nf6 5. Nc3 O-O 6. Be2 a6 7. a4 Bg4 8. O-O Nc6 9. Be3 e6 10. h3 Bxf3 11. Bxf3 Ne7 12. a5 c6 13. g4 Nd7 14. e5 dxe5 15. dxe5 Nd5 16. Bxd5 cxd5 17. Na4 Rc8 18. Nb6 Nxb6 19. Bxb6 Qh4 20. Kg2 Rc4 21. c3 Rfc8 22. Bd4 Qe7 23. g5 h5 24. Kg3 Qd7 25. b4 Bf8 26. Kf3 Qb5 27. Ke3 Be7 28. Rf2 Bd8 29. Rfa2 Kg7 30. Qa4 Qxa4 31. Rxa4 R8c6 32. Kd3 Bc7 33. R4a3 Bd8 34. Rb3 Rc8 35. Raa3 Ra8 36. Rb1 Be7 37. Rbb3 Bf8 38. Ra2 Be7 39. Ke3 Bd8 40. Ra1 Bc7 41. Kd3 Rc6 42. Bc5 b6 43. axb6 Bxb6 44. Bxb6 Rxb6 45. Rba3 Kf8 46. Ra5 Ke7 47. Kd4 Kd7 48. b5 Kc7 49. bxa6 Ra7 50. c4 dxc4 51. Kxc4 Rc6+ 52. Rc5 Kb6 53. Rb1+ Kc7 54. Rb7+ Rxb7 55. axb7 Kxb7 1/2-1/2

[Event "Remembrance Day op"]
[Site "Winnipeg CAN"]
[Date "1999.11.07"]
[Round "4"]
[White "Sekhar, Ganesan"]
[Black "Kaptsan, Aron"]
[Result "0-1"]
[WhiteElo "1946"]
[BlackElo "2088"]
[PlyCount "68"]
[GameId "2160767911741894"]
[EventDate "1999.11.12"]
[EventType "swiss"]
[EventRounds "5"]
[EventCountry "CAN"]
[SourceTitle "EXT 2002"]
[Source "ChessBase"]
[SourceDate "2001.11.25"]
[SourceVersion "1"]
[SourceVersionDate "2001.11.25"]
[SourceQuality "1"]

1. d4 Nf6 2. c4 e6 3. Nf3 c5 4. Nc3 cxd4 5. Nxd4 d5 6. g3 e5 7. Nf3 d4 8. Nxe5 dxc3 9. Qxd8+ Kxd8 10. Nxf7+ Ke8 11. Nxh8 cxb2 12. Bxb2 Bb4+ 13. Kd1 Bf5 14. f3 Nc6 15. e4 Be6 16. Bd3 Ke7 17. Ke2 Rxh8 18. Rab1 b6 19. Rhd1 Bc5 20. a4 Nd4+ 21. Bxd4 Bxd4 22. a5 bxa5 23. Rb5 Rc8 24. Rxa5 Bxc4 25. Bxc4 Rxc4 26. Kd3 Rb4 27. Rc1 Bb6 28. Rg5 g6 29. g4 Rb2 30. h4 Rf2 31. h5 Rxf3+ 32. Kc4 Kf7 33. hxg6+ hxg6 34. Rd1 Rf4 0-1

[Event "Remembrance Day op"]
[Site "Winnipeg CAN"]
[Date "1999.11.14"]
[Round "5"]
[White "Gustafson, Dale"]
[Black "Lafreniere, Adrian"]
[Result "1-0"]
[WhiteElo "1975"]
[BlackElo "1732"]
[PlyCount "51"]
[GameId "2160767911741895"]
[EventDate "1999.11.12"]
[EventType "swiss"]
[EventRounds "5"]
[EventCountry "CAN"]
[SourceTitle "EXT 2002"]
[Source "ChessBase"]
[SourceDate "2001.11.25"]
[SourceVersion "1"]
[SourceVersionDate "2001.11.25"]
[SourceQuality "1"]

1. e4 c5 2. Nf3 Nc6 3. d4 cxd4 4. Nxd4 Nxd4 5. Qxd4 e6 6. Nc3 a6 7. Bd2 Ne7 8. O-O-O Nc6 9. Qe3 Be7 10. f4 b5 11. Kb1 Bb7 12. g4 Qc7 13. Rg1 Nb4 14. Qf2 Rc8 15. Bg2 Bc5 16. Be3 d6 17. a3 Bxe3 18. Qxe3 Nc6 19. h4 O-O 20. f5 exf5 21. gxf5 f6 22. Nd5 Qf7 23. Bf1 Kh8 24. Nf4 Rfd8 25. h5 Rg8 26. Ng6+ 1-0

[Event "Remembrance Day op"]
[Site "Winnipeg CAN"]
[Date "1999.11.14"]
[Round "5"]
[White "Park, Kent"]
[Black "Lukic, Luka"]
[Result "0-1"]
[WhiteElo "1686"]
[BlackElo "1933"]
[PlyCount "72"]
[GameId "2160767911741896"]
[EventDate "1999.11.12"]
[EventType "swiss"]
[EventRounds "5"]
[EventCountry "CAN"]
[SourceTitle "EXT 2002"]
[Source "ChessBase"]
[SourceDate "2001.11.25"]
[SourceVersion "1"]
[SourceVersionDate "2001.11.25"]
[SourceQuality "1"]

1. e4 e5 2. Nc3 Nf6 3. f4 d6 4. Bc4 Be7 5. f5 c6 6. Nf3 b5 7. Bd3 Na6 8. O-O Nc5 9. b4 Nxd3 10. cxd3 a5 11. bxa5 Rxa5 12. Qb3 O-O 13. Bb2 Ng4 14. Nd1 Kh8 15. h3 Nh6 16. Ne3 f6 17. g4 Bb7 18. Kf2 d5 19. Rad1 dxe4 20. dxe4 Qa8 21. h4 c5 22. d3 c4 23. dxc4 Bxe4 24. Kg3 Qc6 25. Bc3 bxc4 26. Qb2 Rb5 27. Qa1 Bd3 28. a4 Rb3 29. Rfe1 Bd6 30. Nd2 Ra3 31. Qc1 Rxa4 32. Bb2 Rc8 33. Nb1 Bxb1 34. Qxb1 c3 35. Bxc3 Qxc3 36. Rxd6 Rxg4+ 0-1

[Event "Remembrance Day op"]
[Site "Winnipeg CAN"]
[Date "1999.11.14"]
[Round "5"]
[White "Rasmussen, Barry"]
[Black "Kaptsan, Aron"]
[Result "1/2-1/2"]
[WhiteElo "2226"]
[BlackElo "2088"]
[PlyCount "46"]
[GameId "2160767911741897"]
[EventDate "1999.11.12"]
[EventType "swiss"]
[EventRounds "5"]
[EventCountry "CAN"]
[SourceTitle "EXT 2002"]
[Source "ChessBase"]
[SourceDate "2001.11.25"]
[SourceVersion "1"]
[SourceVersionDate "2001.11.25"]
[SourceQuality "1"]

1. e4 e5 2. Nf3 Nc6 3. Bb5 a6 4. Ba4 Nf6 5. O-O Be7 6. Re1 b5 7. Bb3 d6 8. c3 O-O 9. h3 Nb8 10. d4 Nbd7 11. Nbd2 Bb7 12. Bc2 Re8 13. Nf1 exd4 14. cxd4 d5 15. e5 Ne4 16. N3d2 Bb4 17. a3 Bxd2 18. Nxd2 c5 19. Nxe4 dxe4 20. Bf4 f5 21. Bb3+ c4 22. Bc2 Nb6 23. b3 Nd5 1/2-1/2